Junie B. Jones and the yucky blucky fruitcake / (Record no. 4163)
[ view plain ]
| 000 -LEADER | |
|---|---|
| fixed length control field | 01383pam a2200397 a 4500 |
| 001 - CONTROL NUMBER | |
| control field | 4163 |
| 003 - CONTROL NUMBER IDENTIFIER | |
| control field | FISKH |
| 005 - DATE AND TIME OF LATEST TRANSACTION | |
| control field | 20250205154828.0 |
| 008 - FIXED-LENGTH DATA ELEMENTS--GENERAL INFORMATION | |
| fixed length control field | 941027s1995 nyua b 000 1 eng |
| 010 ## - LIBRARY OF CONGRESS CONTROL NUMBER | |
| LC control number | 94040891 |
| 020 ## - INTERNATIONAL STANDARD BOOK NUMBER | |
| International Standard Book Number | 0679866949 |
| 020 ## - INTERNATIONAL STANDARD BOOK NUMBER | |
| International Standard Book Number | 0679966943 (GLB) |
| 040 ## - CATALOGING SOURCE | |
| Original cataloging agency | DLC |
| Transcribing agency | DLC |
| Modifying agency | DLC |
| Language of cataloging | eng |
| 042 ## - AUTHENTICATION CODE | |
| Authentication code | lcac |
| 050 ## - LIBRARY OF CONGRESS CALL NUMBER | |
| Classification number | PZ7.P2197 |
| 082 ## - DEWEY DECIMAL CLASSIFICATION NUMBER | |
| Classification number | 813.54 |
| 100 1# - MAIN ENTRY--PERSONAL NAME | |
| Personal name | Park, Barbara. |
| 245 10 - TITLE STATEMENT | |
| Title | Junie B. Jones and the yucky blucky fruitcake / |
| Statement of responsibility, etc. | by Barbara Park ; illustrated by Denise Brunkus. |
| 250 ## - EDITION STATEMENT | |
| Edition statement | First Scholastic printing, November 1999 |
| 260 ## - PUBLICATION, DISTRIBUTION, ETC. | |
| Place of publication, distribution, etc. | New York : |
| Name of publisher, distributor, etc. | Scholastic, |
| Date of publication, distribution, etc. | 1995. |
| 300 ## - PHYSICAL DESCRIPTION | |
| Extent | 71 pages : |
| Other physical details | illustrations ; |
| Dimensions | 20 cm |
| 490 1# - SERIES STATEMENT | |
| Series statement | The Junie B. Jones series ; |
| Volume/sequential designation | Book 5 |
| 500 ## - GENERAL NOTE | |
| General note | "A first stepping stone book." |
| 520 ## - SUMMARY, ETC. | |
| Summary, etc. | Junie, a spunky, sometimes exasperating, kindergartener, looks forward to winning lots of prizes at the school carnival, but a fruit cake was not exactly what she had in mind. |
| 521 ## - TARGET AUDIENCE NOTE | |
| Target audience note | 490<br/> |
| Source | Lexile <br/> |
| 521 ## - TARGET AUDIENCE NOTE | |
| Target audience note | J<br/> |
| Source | Raz-Plus<br/> |
| 650 #1 - SUBJECT ADDED ENTRY--TOPICAL TERM | |
| Topical term or geographic name entry element | Kindergarten |
| General subdivision | Fiction. |
| 650 #1 - SUBJECT ADDED ENTRY--TOPICAL TERM | |
| Topical term or geographic name entry element | Schools |
| General subdivision | Fiction. |
| 650 #1 - SUBJECT ADDED ENTRY--TOPICAL TERM | |
| Topical term or geographic name entry element | Carnivals |
| General subdivision | Fiction. |
| 650 #1 - SUBJECT ADDED ENTRY--TOPICAL TERM | |
| Topical term or geographic name entry element | Behavior |
| General subdivision | Fiction. |
| 700 1# - ADDED ENTRY--PERSONAL NAME | |
| Personal name | Brunkus, Denise, |
| Relator term | illustrator |
| 800 1# - SERIES ADDED ENTRY--PERSONAL NAME | |
| Personal name | Park, Barbara. |
| Title of a work | Junie B. Jones series ; |
| Volume/sequential designation | #5. |
| 906 ## - LOCAL DATA ELEMENT F, LDF (RLIN) | |
| a | 7 |
| b | cbc |
| c | orignew |
| d | 1 |
| e | ocip |
| f | 19 |
| g | y-gencatlg |
| 942 ## - ADDED ENTRY ELEMENTS (KOHA) | |
| Source of classification or shelving scheme | Dewey Decimal Classification |
| Koha item type | Books |
| Suppress in OPAC | No |
| Withdrawn status | Lost status | Source of classification or shelving scheme | Damaged status | Not for loan | Collection | Home library | Current library | Shelving location | Date acquired | Total Checkouts | Full call number | Barcode | Date last seen | Date last checked out | Price effective from | Koha item type | Copy number |
|---|---|---|---|---|---|---|---|---|---|---|---|---|---|---|---|---|---|
| Dewey Decimal Classification | Juvenile Fiction | Footprints International School Library Network Toul Kork Campus | Footprints International School Library Network Toul Kork Campus | TK Primary Library Room(4th Floor), Bookcase 1&2, Shelves 1-16, Dark Blue Books | 06/24/2024 | 1 | PAR 813.54 PZ7.P2197 | FISTK00311 | 12/09/2024 | 09/09/2024 | 06/24/2024 | Books | |||||
| Dewey Decimal Classification | Juvenile Fiction | Footprints International School Library Network Toul Kork Campus | Footprints International School Library Network Toul Kork Campus | TTP Primary Dark Blue Bookshelves | 02/05/2025 | 1 | PAR 813.54 PZ7.P2197 | 2025-0388 | 05/29/2025 | 05/21/2025 | 02/05/2025 | Books | 2 | ||||
| Dewey Decimal Classification | Juvenile Fiction | Footprints International School Library Network Toul Kork Campus | Footprints International School Library Network Toul Kork Campus | TTP Primary Dark Blue Bookshelves | 02/05/2025 | PAR 813.54 PZ7.P2197 | 2025-0389 | 02/05/2025 | 02/05/2025 | Books | 3 |
